8 Scenes, 1 Movie! III Quiz Stats

 Plays Quiz Updated Sep 20, 2017

Challenge
Share
Tweet
Score 0/25 Timer 10:00
3 Plays Today
% Correct
Aladdin
90.6%
Star Wars: The Force Awakens
88.2%
Jaws
88.2%
Harry Potter and the Order of the Phoenix
77.8%
Fargo
71.8%
Casino Royale
67.5%
Iron Man 3
65.4%
Catch Me if You Can
62.4%
Minority Report
59.6%
X-Men
57.8%
Raiders of the Lost Ark
55.8%
Shutter Island
43.8%
Kill Bill: Vol. 1
43.6%
% Correct
American Psycho
43.4%
The Prestige
43.2%
Thor
42%
World War Z
38.4%
Sherlock Holmes
37.7%
Inception
37%
Shaun of the Dead
33.2%
Big Fish
32.2%
The Lost Boys
30.8%
Rear Window
29.1%
The Departed
22.2%
Dredd
15%

You're not logged in!

Compare scores with friends on all Sporcle quizzes.
Join for Free
OR
Log In

You Might Also Like...

Show Comments

Extras

Top Quizzes Today


Score Distribution

Your Account Isn't Verified!

In order to create a playlist on Sporcle, you need to verify the email address you used during registration. Go to your Sporcle Settings to finish the process.

Report this User

Report this user for behavior that violates our Community Guidelines.

Details: